000
00223 a2200109 4500
020
_a
9780060254407
041
_a
spa
100
_a
Numeroff, Laura
245
_a
Si le das un panecillo a un Alce
942
_c
BK
952
_7
1
999
_c
19652
_d
19652